000 00487nam a22001937a 4500
999 _c16746
_d16746
003 OSt
005 20180322123229.0
008 180322b xxu||||| |||| 00| 0 eng d
020 _a9788189005979
040 _cKABU
050 _aBF 181
_b.O34 2012 C.1
100 _a245p.
245 _aExperimental psychology
_cOjha, M. L.
260 _aNew Delhi
_bSaurabh
_c2012
300 _a245p.
650 _aPsychology experimental
650 _aLearning, psychology
942 _2lcc
_cBK